| 000 | 01369nam a22002777a 4500 | ||
|---|---|---|---|
| 005 | 20110214110156.0 | ||
| 008 | 090211t xxu||||| |||| 00| 0 hin d | ||
| 010 | _aHIN-92047 | ||
| 020 |
_c150.00 _a9789380417202 |
||
| 035 | _aHN-64393 | ||
| 037 | _bDBAD / PUB | ||
| 040 |
_aDPL _bHN |
||
| 082 | _a821.08 | ||
| 100 |
_925892 _aराजेन्द्र प्रसाद सिंह |
||
| 245 |
_aहिन्दी की चुनी हुई लंबी कविताओं पर बातचीत / _cराजेन्द्र प्रसाद सिंह |
||
| 246 |
_aHindi ki chuni hui lambi kavitaon par batchit _bby Rajendra prasad singh |
||
| 260 |
_aकानपुर _bअमन प्रकाशन _c2010 |
||
| 270 |
_a104A /118 रामबाग, _bकानपुर _e208012 _kR-0512-2574766 M-09839218516 _l052-2543480 |
||
| 300 |
_a86पृ. _c22सेमी (सजिल्द) |
||
| 600 |
_926585 _aहिन्दी कविता |
||
| 650 |
_91169 _aHindi Poetry |
||
| 650 |
_925893 _aहिन्दी कविता |
||
| 700 | _925894 | ||
| 942 |
_2ddc _cHN _h821.08 _mराजेन्द्र |
||
| 999 |
_c51070 _d51070 |
||